2025-2026 Dallas Cowboys Roster - Statistics

General Stats
  • This quiz has been taken 113 times
  • The average score is 28 of 51
Answer Stats
Position Name % Correct
Wide Receiver CeeDee Lamb
100%
Quarterback Dak Prescott
100%
Wide Receiver George Pickens
100%
Running Back Javonte Williams
99%
Tight End Jake Ferguson
93%
Defensive Lineman Quinnen Williams
91%
Quarterback Joe Milton III
89%
Defensive Lineman Sam Williams
88%
Wide Receiver KaVontae Turpin
85%
Place Kicker Brandon Aubrey
84%
Offensive Lineman Tyler Smith
81%
Wide Receiver Jalen Tolbert
80%
Running Back Jaydon Blue
80%
Tight End Luke Schoonmaker
79%
Cornerback Daron Bland
77%
Punter Bryan Anger
71%
Wide Receiver Ryan Flournoy
69%
Offensive Lineman Tyler Guyton
68%
Linebacker Logan Wilson
64%
Running Back Malik Davis
63%
Safety Donovan Wilson
61%
Offensive Lineman Cooper Beebe
59%
Offensive Lineman Tyler Booker
59%
Tight End Brevyn Spann-Ford
57%
Defensive Lineman Kenny Clark
57%
Defensive Lineman Alijah Clark
56%
Linebacker DeMarvion Overshown
53%
Safety Malik Hooker
49%
Running Back Hunter Luepke
48%
Wide Receiver Jonathan Mingo
47%
Cornerback Shavon Revel Jr.
45%
Linebacker Kenneth Murray Jr.
43%
Offensive Lineman Brock Hoffman
36%
Long Snapper Trent Sieg
36%
Defensive Lineman Osa Odighizuwa
35%
Cornerback Caelen Carson
33%
Defensive Lineman Jadeveon Clowney
33%
Offensive Lineman T. J. Bass
29%
Safety Markquese Bell
28%
Offensive Lineman Nathan Thomas
28%
Defensive Lineman Solomon Thomas
28%
Linebacker Shemar James
27%
Linebacker Marist Liufau
24%
Defensive Linemm Donovan Ezeiruaku
23%
Cornerback Reddy Steward
23%
Defensive Lineman Dante Fowler Jr.
21%
Defensive Lineman James Houston
16%
Defensive Lineman Jay Toia
16%
Cornerback Trikweze Bridges
12%
Cornerback C.J. Goodwin
11%
Defensive Lineman Perrion Winfrey
9%
No matching quizzes found
Score Distribution
Percent of People with Each Score
Percentile by Number Answered
Your Score History
You have not taken this quiz